000
00274nmm a2200097Ia 4500
008
220120s9999||||xx |||||||||||||||||und||
020
_a
0-07-052929
100
_a
PCQ
245
0
_a
PCQ-Sep : 20 software super charge your netbook, 7 great lie
260
_a
Cyber tach publication
999
_c
139702
_d
139702